Cielos planos
Gespeichert in:
| 1. Verfasser: | |
|---|---|
| Format: | Unbekannt |
| Veröffentlicht: |
[San José, Costa Rica]
1958
|
| Schlagworte: | |
| Tags: |
Tag hinzufügen
Keine Tags, Fügen Sie den ersten Tag hinzu!
|
MARC
| LEADER | 00000 a2200000 4500 | ||
|---|---|---|---|
| 003 | 011068 | ||
| 005 | 20221231143804.0 | ||
| 008 | 140114s1958 cr a m 000 ||s d | ||
| 040 | |c cru CEDI | ||
| 090 | |a TFG 108 | ||
| 100 | |a Carranza Castro, Guillermo |9 17251 | ||
| 245 | |a Cielos planos | ||
| 260 | |c 1958 |a [San José, Costa Rica] | ||
| 300 | |a 27 hojas, diagramas (color), gráficos (color) ; 28 cm | ||
| 500 | |a Tesis (Ingeniero Civil) Universidad de Costa Rica. | ||
| 501 | |a Ed. mecanografiada | ||
| 650 | |x CONSTRUCCION |9 17252 | ||
| 942 | |c TFG | ||
| 999 | |c 12002 |d 12002 | ||
